Tiempos de horror : amor, violencia, guerra /
Análisis sociológico acerca de la violencia extrema que se vive hoy día. El autor hace un recorrido por las formas que ésta ha adoptado en el transcurso de la historia de la humanidad.
Đã lưu trong:
| Tác giả chính: | |
|---|---|
| Định dạng: | Sách |
| Ngôn ngữ: | Tiếng Tây Ban Nha |
| Được phát hành: |
Madrid, España :
Siglo XXI,
2004, c2004
|
| Những chủ đề: | |
| Các nhãn: |
Không có thẻ, Là người đầu tiên thẻ bản ghi này!
|
MARC
| LEADER | 00000nam^a2200000^a^4500 | ||
|---|---|---|---|
| 001 | 000179110 | ||
| 005 | 20250521000000.0 | ||
| 009 | 20260310101813.625 | ||
| 020 | |a 84-323-1178-2 | ||
| 037 | |a Acervo ITESO - Biblioteca | ||
| 041 | |a ESP | ||
| 082 | |a 362. 8292 |b SOF | ||
| 100 | |a Sofsky, Wolfgang |e (autor) | ||
| 245 | 1 | 0 | |a Tiempos de horror : |b amor, violencia, guerra / |c W. Sofsky ; tr. por Isabel García Adánez. |
| 264 | 4 | |a Madrid, España : |b Siglo XXI, |c 2004, c2004 | |
| 300 | |a 244 p. | ||
| 336 | |a texto |b txt |2 rdacontenido | ||
| 337 | |a sin mediación |b n |2 rdamedio | ||
| 338 | |a volumen |b nc |2 rdasoporte | ||
| 520 | |a Análisis sociológico acerca de la violencia extrema que se vive hoy día. El autor hace un recorrido por las formas que ésta ha adoptado en el transcurso de la historia de la humanidad. | ||
| 649 | |a XX | ||
| 650 | |a Crueldad | ||
| 650 | |a Agresividad | ||
| 650 | |a Violencia - |x Tema Principal | ||
| 650 | |a Terrorismo | ||
| 650 | |a Genocidio | ||
| 650 | |a Guerra y Paz | ||
| 650 | |a Intervención Militar | ||
| 650 | |a Conflicto Social | ||
| 650 | |a Interacción Social | ||
| 650 | |a Crímenes contra la Humanidad | ||
| 650 | |a Muerte | ||
| 650 | |a Conducta Antisocial | ||
| 650 | |a Comportamiento Social | ||
| 650 | |a Burocracia | ||
| 650 | |a Civilización | ||
| 650 | |a Memoria y Olvido | ||
| 650 | |a Memoria Social | ||
| 650 | |a Ideología | ||
| 650 | |a Cosmovisión | ||
| 650 | |a Modernidad y Posmodernidad | ||
| 650 | |a Auschwitz, Polonia - |x Historia - |y Ocupación, 1939-1945 | ||
| 650 | |a Hiroshima, Japón - |x Historia - |y Siglo XX | ||
| 650 | |a Kosovo-Metohija, Serbia - |x Historia - |z 1990-1999 | ||
| 650 | |a Historia Moderna | ||
| 650 | |a Sociología Política | ||
| 650 | |a Sociología de la Cultura | ||
| 910 | |a Fondo General | ||
| 920 | |a Impresos - Libros | ||
| 930 | |a Colección General | ||
| 905 | |a 101 | ||
| 901 | |a 0500118108 |b IT1 |c ACC |u 20250521 | ||
| 902 | |a https://opac.biblio.iteso.mx/vufind/Record/000179110 | ||